| 000 | 00787nam a22002057a 4500 | ||
|---|---|---|---|
| 999 |
_c12281 _d12281 |
||
| 003 | AR-CdUCM | ||
| 008 | 190408b ||||| |||| 00| 0 spa d | ||
| 040 |
_aMUNICIPALIDAD PROVINCIAL DEL CUSCO _cBIBLIOTECA MUNICIPAL DEL CUSCO |
||
| 041 | _heng | ||
| 082 |
_a942 / _bM42 / 1807 |
||
| 245 | _aMemorias históricas y criticas acerca de los celebres ingleses / | ||
| 260 |
_aMadrid : _bImpr. de la calle de la Greda, _c1807. |
||
| 300 |
_a303 páginas ; _c15 cm. |
||
| 505 | _aContenido: t.1. Sir Willian Sydney Smith -- Mr. Kemble -- Mr. Cumberland -- Mistris Siddons -- Lord Nelson -- Mr. Fox ... | ||
| 650 |
_aMemorias históricas _930056 |
||
| 650 |
_aCelebres ingleses _930057 |
||
| 700 |
_aNicolas, Fernando (traductor) _930058 |
||
| 942 |
_2ddc _cLIBROS |
||
| 945 |
_aacv _d08/04/2019 |
||